| 000 | 00451nam a2200181Ia 4500 | ||
|---|---|---|---|
| 008 | 230524s9999 xx 000 0 und d | ||
| 020 | _a8188429201 | ||
| 082 |
_a612.3812 _bHEM |
||
| 100 | _aK.B.Hemalata | ||
| 245 | 0 | _aElectrical Engineering and Control System | |
| 250 | _a2ND | ||
| 260 |
_aNEW DELHI _bScitech _c2003 |
||
| 300 | _aXIII;311 | ||
| 500 | _aQuantity Number: 2 | ||
| 650 | _aElectrical | ||
| 700 | _a S.T.Jayachrista | ||
| 942 | _cBK | ||
| 999 |
_c8731 _d8731 |
||